| 000 | 01012nam a2200301Ia 4500 | ||
|---|---|---|---|
| 001 | Para_9379 | ||
| 003 | CHAP | ||
| 008 | 220125s2007 xx 000 0 und d | ||
| 010 | _a208076 | ||
| 040 | _cCHAP | ||
| 090 | _aTESIS 2121 | ||
| 100 |
_aGarcía Pérez, Florinda _946450 |
||
| 245 |
_aAlternaria carthami causante del tizón foliar del Cártamo (Carthamus tinctorius L.) en el Valle del Yaqui, Sonora, México / _c por Florinda García Pérez |
||
| 260 |
_aChapingo, Méx. : _b el autor |
||
| 300 | _a73 h. | ||
| 502 | _aTesis (M.C. Protección Vegetal) UACh. Departamento Parasitología Agrícola | ||
| 650 |
_aAlternaria cartami _94677 |
||
| 650 |
_aAzafrancillo _x enfermedades _99060 |
||
| 650 |
_aHongos fitopatógenos _956132 |
||
| 710 |
_aUACh. Departamento Parasitología Agrícola _9164025 |
||
| 901 | _aTESIS 2121 | ||
| 902 | _aM | ||
| 905 | _a0000002007 am 0000000000 00 | ||
| 910 | _a2007 | ||
| 942 | _cPARA | ||
| 942 |
_cPARA _d2 |
||
| 999 |
_c208076 _d208076 |
||